000 00926nas a2200301 4500
001 BR2016003636
003 BR-BrBNA
005 20231205130543.0
007 ta
008 230509b bl.|||p| |||| 00| 00por d
040 _aBR-BrBNA
_bpor
_cBiblioteca Nacional de Agricultura
041 _a(En)
072 _aK10
100 1 _aBadilla, Y.
100 1 _aXavier, A.
100 1 _aMurillo, O.
100 1 _aPaiva, H.N. de
245 1 _aIba efficiency on mini-cutting rooting from teak (Tectona grandis Linn F.)clones
650 _aTECTONA GRANDIS
650 _aTECA
650 _aSILVICULTURA
650 _aCLONE
650 _aPROPAGAÇÃO VEGETATIVA
773 0 _tRevista Árvore (Brazil)
_xISSN 1806-9088
_g(May-Jun 2016), v. 40(3) p. 477-485
_wBR2016003636
856 4 0 _uhttp://www.scielo.br/pdf/rarv/v40n3/0100-6762-rarv-40-03-0477.pdf
909 _a202311
_bLúcia
_c55
_dLúcia Elande
942 _2AGRIS
_n0
_cANA
999 _c250080
_d250080